Reading the body politic : feminist criticism and Latin American women writers /

Gespeichert in:
Bibliographische Detailangaben
1. Verfasser: Kaminsky, Amy
Format: Unbekannt
Sprache:English
Veröffentlicht: Estados Unidos : Universidad de Minnesota, 1993.
Schlagworte:
Tags: Tag hinzufügen
Keine Tags, Fügen Sie den ersten Tag hinzu!

MARC

LEADER 000000000a22000000004500
001 002852
020 |a 0816619484 
041 0 |a eng 
082 0 4 |a 860.992.870.98   |b K15r 
100 1 |a Kaminsky, Amy 
245 1 0 |a Reading the body politic :   |b feminist criticism and Latin American women writers /   |c Amy Kaminsky. 
260 1 |a Estados Unidos :   |b Universidad de Minnesota,   |c 1993. 
300 |a 160 páginas ;   |c 23 cm. 
650 4 |a CRITICA LITERARIA FEMINISTA 
650 4 |a AMERICA LATINA 
650 4 |a LITERATURA LATINOAMERICANA 
650 4 |a SIGLO XX 
650 4 |a HISTORIA Y CRITICA 
650 4 |a  MUJERES COMO AUTORAS 
999 |c 9195  |d 9195 
942 |c BK  |h 860.992.870.98 K15r  |2 z